000 00247nam a2200097Ia 4500
001 1009875
005 20250826230710.0
008 250824s9999 xx 000 0 und d
245 0 _aEYVAH YEMEKHANE
_cNICOLETTA COSTA
260 _bHEP KİTAP YAYINLARI
999 _c1009875
_d1009875